| 000 | 01333nam a22003737a 4500 | ||
|---|---|---|---|
| 003 | CHAP | ||
| 005 | 20220329133058.0 | ||
| 008 | 971013s1990 r 00010 d | ||
| 010 | _a1911 | ||
| 011 | _a2883 | ||
| 035 | _a2083 | ||
| 040 | _cCHAP | ||
| 090 | _aTesis | ||
| 100 | 0 | 0 |
_aGalvis Spinola, Arturo. _944504 |
| 245 | _aValidación de las normas de fertilización de N y P estimadas con un modelo simplificado para maíz, con las dósis obtenidas en la experimentación de campo | ||
| 260 |
_aMontecillo, Méx. : _bEl Autor, _c1990 |
||
| 300 |
_a113 h. _b: ilus. ; gráfs. |
||
| 500 | _aD43-192 | ||
| 502 | _aTesis (M.C. Esp. en Edafología) -- C.P. Centro de Edafología | ||
| 590 |
_aALEPH _b10 _c20130110 _lUCH01 _h1210 |
||
| 590 |
_aBATCH-UPD _b10 _c20130110 _lUCH01 _h1448 |
||
| 590 |
_aBATCH-UPD _b10 _c20130410 _lUCH01 _h0916 |
||
| 590 |
_aBATCH-UPD _b10 _c20130914 _lUCH01 _h1403 |
||
| 590 |
_aCONVERSION _b10 _c20130109 _lUCH01 _h1302 |
||
| 650 | 1 | 4 |
_aFertilizantes fosfatados. _940592 |
| 650 | 1 | 4 |
_aFertilizantes nitrogenados. _940596 |
| 650 | 1 | 4 |
_aFertilizantes _xExperimentación. _940565 |
| 650 | 1 | 4 |
_aMaíz _xFertilización. _970956 |
| 650 | 1 | 4 |
_aMaíz _xTlaxcala. _971071 |
| 901 | _aBK | ||
| 942 | _cFOLL | ||
| 949 |
_bBC _cTES _d-11581 _eTS1 _h23567 _i2083 _si |
||
| 949 |
_bBC _cTES _d-70443 _eTS2 _fc.2 _h23568 _i2083 _si |
||
| 999 |
_c1911 _d1911 |
||